<?xml version="1.0" encoding="UTF-8"?>
<record
    xmlns:xsi="http://www.w3.org/2001/XMLSchema-instance"
    xsi:schemaLocation="http://www.loc.gov/MARC21/slim http://www.loc.gov/standards/marcxml/schema/MARC21slim.xsd"
    xmlns="http://www.loc.gov/MARC21/slim">

  <leader>00756nam a22001337a 4500</leader>
  <datafield tag="040" ind1=" " ind2=" ">
    <subfield code="c">RUA</subfield>
  </datafield>
  <datafield tag="082" ind1=" " ind2=" ">
    <subfield code="a">AVM CHO 2018 B649 Or.1 </subfield>
  </datafield>
  <datafield tag="100" ind1=" " ind2=" ">
    <subfield code="a">CHORK BORITH &#x1785;&#x1780;&#x17CB; &#x1794;&#x17BC;&#x179A;&#x17B7;&#x1793;</subfield>
  </datafield>
  <datafield tag="245" ind1=" " ind2=" ">
    <subfield code="a">the using of neem leaf powerder ( Azadirachta indica ) on cattle gastrointestinal parasites at peam chor district, prey veng province &#x1780;&#x17B6;&#x179A;&#x1794;&#x17D2;&#x179A;&#x17BE;&#x1794;&#x17D2;&#x179A;&#x17B6;&#x179F;&#x17CB;&#x1798;&#x17D2;&#x179F;&#x17C5;&#x179F;&#x17D2;&#x179B;&#x17B9;&#x1780;&#x179F;&#x17D2;&#x178F;&#x17C5;&#x179B;&#x17BE;&#x1794;&#x179A;&#x17B6;&#x179F;&#x17B7;&#x178F;&#x1780;&#x17D2;&#x1793;&#x17BB;&#x1784;&#x1780;&#x17D2;&#x179A;&#x1796;&#x17C7;&#x1796;&#x17C4;&#x17C7;&#x179C;&#x17C0;&#x1793;&#x1782;&#x17C4;&#x1793;&#x17C5;&#x179F;&#x17D2;&#x179A;&#x17BB;&#x1780;&#x1796;&#x17B6;&#x1798;&#x1787;&#x179A; &#x1781;&#x17C1;&#x178F;&#x17D2;&#x178F;&#x1796;&#x17D2;&#x179A;&#x17C3;&#x179C;&#x17C2;&#x1784;</subfield>
  </datafield>
  <datafield tag="260" ind1=" " ind2=" ">
    <subfield code="a">RUA</subfield>
    <subfield code="b">Phnom penh</subfield>
    <subfield code="c">2018</subfield>
  </datafield>
  <datafield tag="300" ind1=" " ind2=" ">
    <subfield code="a">xi;36p</subfield>
    <subfield code="b">ill;</subfield>
    <subfield code="c">219cm</subfield>
  </datafield>
  <datafield tag="856" ind1=" " ind2=" ">
    <subfield code="u"> CHORK BORITHhttps://drive.google.com/file/d/13o4k2Dpm8juYGqaySvyEO-KanHV8Zfby/view?usp=sharing</subfield>
  </datafield>
  <datafield tag="942" ind1=" " ind2=" ">
    <subfield code="c">AVM</subfield>
  </datafield>
  <datafield tag="999" ind1=" " ind2=" ">
    <subfield code="c">18331</subfield>
    <subfield code="d">18331</subfield>
  </datafield>
  <datafield tag="952" ind1=" " ind2=" ">
    <subfield code="0">0</subfield>
    <subfield code="1">0</subfield>
    <subfield code="2">ddc</subfield>
    <subfield code="4">0</subfield>
    <subfield code="6">AVM_CHO_2018_000000000000000_B649_OR_1</subfield>
    <subfield code="7">0</subfield>
    <subfield code="9">82124</subfield>
    <subfield code="a">LBB</subfield>
    <subfield code="b">LBB</subfield>
    <subfield code="c">B649</subfield>
    <subfield code="d">2019-10-25</subfield>
    <subfield code="o">AVM CHO 2018 B649 Or.1</subfield>
    <subfield code="p">A43146</subfield>
    <subfield code="r">2019-10-25</subfield>
    <subfield code="w">2019-10-25</subfield>
    <subfield code="y">AVM</subfield>
  </datafield>
  <datafield tag="952" ind1=" " ind2=" ">
    <subfield code="0">0</subfield>
    <subfield code="1">0</subfield>
    <subfield code="2">ddc</subfield>
    <subfield code="4">0</subfield>
    <subfield code="6">AVM_CHO_2018_000000000000000_B649_OR_2</subfield>
    <subfield code="7">0</subfield>
    <subfield code="9">82125</subfield>
    <subfield code="a">LBB</subfield>
    <subfield code="b">LBB</subfield>
    <subfield code="c">B649</subfield>
    <subfield code="d">2019-10-25</subfield>
    <subfield code="o">AVM CHO 2018 B649 Or.2</subfield>
    <subfield code="p">A43221</subfield>
    <subfield code="r">2019-10-25</subfield>
    <subfield code="w">2019-10-25</subfield>
    <subfield code="y">AVM</subfield>
  </datafield>
  <datafield tag="952" ind1=" " ind2=" ">
    <subfield code="0">0</subfield>
    <subfield code="1">0</subfield>
    <subfield code="2">ddc</subfield>
    <subfield code="4">0</subfield>
    <subfield code="6">AVM_CHO_2018_000000000000000_B649_OR_3</subfield>
    <subfield code="7">0</subfield>
    <subfield code="9">82126</subfield>
    <subfield code="a">LBB</subfield>
    <subfield code="b">LBB</subfield>
    <subfield code="c">B649</subfield>
    <subfield code="d">2019-10-25</subfield>
    <subfield code="o">AVM CHO 2018 B649 Or.3</subfield>
    <subfield code="p">A43286</subfield>
    <subfield code="r">2019-10-25</subfield>
    <subfield code="w">2019-10-25</subfield>
    <subfield code="y">AVM</subfield>
  </datafield>
  <datafield tag="952" ind1=" " ind2=" ">
    <subfield code="0">0</subfield>
    <subfield code="1">0</subfield>
    <subfield code="2">ddc</subfield>
    <subfield code="4">0</subfield>
    <subfield code="6">AVM_CHO_2018_000000000000000_B649_OR_4</subfield>
    <subfield code="7">0</subfield>
    <subfield code="9">82127</subfield>
    <subfield code="a">LBB</subfield>
    <subfield code="b">LBB</subfield>
    <subfield code="c">B649</subfield>
    <subfield code="d">2019-10-25</subfield>
    <subfield code="o">AVM CHO 2018 B649 Or.4</subfield>
    <subfield code="p">A43291</subfield>
    <subfield code="r">2019-10-25</subfield>
    <subfield code="w">2019-10-25</subfield>
    <subfield code="y">AVM</subfield>
  </datafield>
  <datafield tag="952" ind1=" " ind2=" ">
    <subfield code="0">0</subfield>
    <subfield code="1">0</subfield>
    <subfield code="2">ddc</subfield>
    <subfield code="4">0</subfield>
    <subfield code="6">AVM_CHO_2018_000000000000000_B649_OR_5</subfield>
    <subfield code="7">0</subfield>
    <subfield code="9">82128</subfield>
    <subfield code="a">LBB</subfield>
    <subfield code="b">LBB</subfield>
    <subfield code="c">B649</subfield>
    <subfield code="d">2019-10-25</subfield>
    <subfield code="o">AVM CHO 2018 B649 Or.5</subfield>
    <subfield code="p">A43297</subfield>
    <subfield code="r">2019-10-25</subfield>
    <subfield code="w">2019-10-25</subfield>
    <subfield code="y">AVM</subfield>
  </datafield>
  <datafield tag="952" ind1=" " ind2=" ">
    <subfield code="0">0</subfield>
    <subfield code="1">0</subfield>
    <subfield code="2">ddc</subfield>
    <subfield code="4">0</subfield>
    <subfield code="6">AVM_CHO_2018_000000000000000_B649_OR_6</subfield>
    <subfield code="7">0</subfield>
    <subfield code="9">82129</subfield>
    <subfield code="a">LBB</subfield>
    <subfield code="b">LBB</subfield>
    <subfield code="c">B649</subfield>
    <subfield code="d">2019-10-25</subfield>
    <subfield code="o">AVM CHO 2018 B649 Or.6</subfield>
    <subfield code="p">A43826</subfield>
    <subfield code="r">2019-10-25</subfield>
    <subfield code="w">2019-10-25</subfield>
    <subfield code="y">AVM</subfield>
  </datafield>
</record>
